000 004590000a22001690004500
041 0 _aENG
082 0 4 _aG 269 S9726g
100 1 _aSwanson, Jean M.
245 1 0 _aGive me your heart : Principles for spiritual renewal / Jean M. Swanson
260 _aSelangor, Malaysia : Pustaka SUFES
300 _a138 Pag
001 8101
942 _cBK
999 _c38298
_d38298
336 _atexto
_btxt
_2rdacontent
337 _2rdamedia
_asin mediación
_bn
338 _2rdacarrier
_avolumen
_bnc